Serbiens Fußballer des Jahres - Statistiken

Allgemein
  • Dieses Quiz wurde 248 mal gespielt
  • Das Durchschnittsergebnis liegt bei 10 aus 16
Antwortstatistiken
Jahr Spieler Verein Position % Korrekt
2016 Dusan Tadic FC Southampton LA
92%
2019 Dusan Tadic Ajax Amsterdam LA
92%
2021 Dusan Tadic Ajax Amsterdam LA
92%
2018 Aleksandar Mitrovic FC Fulham MST
88%
2005 Nemanja Vidic Spartak Moskau IV
81%
2008 Nemanja Vidic Manchester United IV
81%
2014 Nemanja Matic FC Chelsea ZDM
78%
2015 Nemanja Matic FC Chelsea ZDM
78%
2011 Aleksandar Kolarov Manchester City LV
68%
2012 Branislav Ivanovic FC Chelsea IV
64%
2013 Branislav Ivanovic FC Chelsea IV
64%
2010 Deajan Stankovic Inter Mailand ZM
46%
2006 Dejan Stankovic Inter Mailand ZM
46%
2017 Vladimir Stojkovic Nottingham Forest/FK Partizan Belgrad TW
27%
2007 Nikola Zigic Racing Santander/FC Valencia MST
15%
2009 Milos Krasic ZSKA Moskau RA
13%
Keine übereinstimmenden Quizze gefunden
Verteilung der Resultate
Anzahl Personen mit jedem Resultat
Perzentil nach korrekt beantworteten Fragen
Ihre Resultats-Entwicklung
Sie haben dieses Quiz noch nicht gespielt